000 00610nam a2200229Ia 4500
003 OSt
005 20220918224728.0
006 a|||||r|||| 00| 0
007 ta
008 220917b |||||||| |||| 00| 0 eng d
024 _a233,900
037 _cTextual
040 _aARTS
_cARTS
_beng
041 _2eng
_aeng
082 _aR31, L2
100 _aKrishnananda Swami
_981059
245 0 _aRealisation of the absolute
260 _aShivanandangar
_bThe Divine Life Society India
_c1972
650 _aPHILOSOPHY
942 _hR31, L2
_cTEXL
_2CC
999 _c282147
_d282147